Statistics for Old Football Teams

Click here to take the quiz!

General Stats

  • This quiz has been taken 11 times
    (10 since last reset)
  • The average score is 7 of 17

Answer Stats

Answer % Correct
East Germany
78%
Yugoslavia
78%
Soviet Union
78%
West Germany
67%
Czechoslovakia
56%
North Yemen
44%
South Yemen
44%
South Vietnam
44%
Saar
44%
North Vietnam
44%
Ireland
33%
Federal Republic of Yugoslavia
33%
CIS
22%
Netherlands Antilles
11%
Tanganyiki
0%
United Arab Republic
0%
Malaya
0%

Score Distribution

Percentile by Number Answered

Percent of People with Each Score

Your Score History

You have not taken this quiz since the last reset